000
00296nam a2200121Ia 4500
008
241015s9999 xx 000 0 und d
041
_a
eng
082
_a
158.1 ZEL
100
_a
Zeller
245
_a
Success Habits For Dummies
260
_b
Wiley India
_a
New Delhi
_c
2019
300
_a
380;. P. 23 cm
999
_c
41902
_d
41902